000 00744 a2200217 4500
003 Nust
005 20170207154216.0
020 _a0195116909
040 _cNust
082 _a621.381
100 _aSedra, Adel S.
245 _aMicroelectronic circuits /
_cAdel S. Sedra, Kenneth C. Smith.
250 _a6th ed.
260 _aNew York :
_bOxford University Press,
_c2009
300 _a1456 p.
505 _aPart-1: Devices and Basic Circuits (Page-2) Part-2: Integrated Circuit Amplifiers (Page-490) Part-3: Digital Integrated Circuits (Page-1058) Part IV: Filters and Oscillators (Page-1252).
538 _aAlmirah No.24 Shelf No.6
650 _aElectronic circuits.
651 _aIntegrated circuits.
700 _aKenneth C. Smith.
942 _2ddc
_cBK
999 _c195115
_d195115